00325nam a2200121Ia 4500008004100000020001500041041000800056082001600064100001600080245006300096260003500159300000900194220803s9999 xx 000 0 und d a8123907435 aeng a720.030J AI aJain S Pub. aWebster's Pocket Medical First Aid Dictionary .-8123907435 aNew DelhibCBS Publisherc2001 a318p